Mathematics-X (Record no. 11238)

MARC details
000 -LEADER
fixed length control field 00256nam a22000977a 4500
008 - FIXED-LENGTH DATA ELEMENTS--GENERAL INFORMATION
fixed length control field 181108b ||||| |||| 00| 0 eng d
020 ## - INTERNATIONAL STANDARD BOOK NUMBER
International Standard Book Number 9788193647929
100 ## - MAIN ENTRY--PERSONAL NAME
Personal name Sharma,R.D.
9 (RLIN) 6987
245 ## - TITLE STATEMENT
Title Mathematics-X
260 ## - PUBLICATION, DISTRIBUTION, ETC. (IMPRINT)
Place of publication, distribution, etc. New Delhi
Name of publisher, distributor, etc. Dhanpat Publications
Date of publication, distribution, etc. 2018
Holdings
Withdrawn status Lost status Source of classification or shelving scheme Damaged status Koha normalized classification for sorting Not for loan Home library Current library Shelving location Date acquired Total Checkouts Total Renewals Full call number Barcode Checked out Date last seen Date last checked out Price effective from Koha item type
    Dewey Decimal Classification   510_000000000000000   Good Samaritan School Library Good Samaritan School Library Mathematics 11/08/2018 16 9 510 SHA15180 07/15/2024 07/01/2024 07/01/2024 11/08/2018 BOOK
    Dewey Decimal Classification   510_000000000000000   Good Samaritan School Library Good Samaritan School Library Mathematics 11/08/2018 16 6 510 SHA15181   11/27/2024 11/11/2024 11/08/2018 BOOK

Powered by Koha